000
00325 a2200157 4500
001
190531
020
_a
978-09-5685-770-5
040
_c
Magnum
100
_a
Moore, Chris
240
1
0
_a
Blog love
_l
ING
245
1
0
_a
Blog love
300
_a
30
362
0
_a
2011
697
_a
LITERATURA JUVENIL ESTRANGEIRA
942
_c
BK
999
_c
190531
_d
190531